01550nam a22003734a 4500001001100000003000800011006001900019007001500038008004100053010001700094020001500111040002100126035002100147050002400168082002400192100002700216245011500243260004200358300002500400490004500425504006600470533015200536650003800688650004000726650004300766650004500809650004400854650004600898655002900944710001700973830004600990856012501036999001501161ebr5007384CaPaEBRm u cr cn|||||||||010131s2001 dcua sb 001 0 eng  z 2001017740 z0821349201 aCaPaEBRcCaPaEBR a(OCoLC)55929957514aRG103b.A665 2001eb04a362.1/982/009562211 aAoyama, Atsuko,d1954-10aReproductive health in the Middle East and North Africah[electronic resource] :bwell-being /cAtsuko Aoyama. aWashington, DC :bWorld Bank,cc2001. axxiv, 146 p. :bill.1 aHealth, nutrition, and population series aIncludes bibliographical references (p. [129]-146) and index. aElectronic reproduction.bPalo Alto, Calif. :cebrary,d2013.nAvailable via World Wide Web.nAccess may be limited to ebrary affiliated libraries. 0aReproductive healthzMiddle East. 0aReproductive healthzAfrica, North. 0aMaternal health serviceszMiddle East. 0aMaternal health serviceszAfrica, North. 0aWomenxHealth and hygienezMiddle East. 0aWomenxHealth and hygienezAfrica, North. 7aElectronic books.2local2 aebrary, Inc. 0aHealth, nutrition, and population series.40uhttp://site.ebrary.com/lib/rucke/Doc?id=5007384zAn electronic book accessible through the World Wide Web; click to view c5161d5161